| 000 | 00928nam a2200289Ia 4500 | ||
|---|---|---|---|
| 005 | 20210727153210.0 | ||
| 008 | 141031s9999 ck 000 0 spa d | ||
| 020 | _a9788483465790 | ||
| 100 | 1 | _aRenard, Jules | |
| 245 | 1 | 0 |
_aPelo de zanahoria _cJules Renard ; traducción y prólogo de Ana María Moix |
| 250 | _a1a edición | ||
| 300 |
_a222 páginas _bilustraciones en blanco y negro |
||
| 534 | _tPoil de Carotte | ||
| 650 | 1 | 4 |
_2LEMB _aTeatro juvenil frances |
| 650 | 1 | 4 |
_2LEMB _aLiteratura francesa |
| 650 | 1 | 4 |
_2LEMB _aAdolescentes _vTeatro |
| 650 | 1 | 4 |
_2LEMB _aNiños maltratados _vTeatro |
| 650 | 1 | 4 |
_2LEMB _aVida cotidiana _vTeatro |
| 700 | 1 |
_aMoix, Ana María _etraductor |
|
| 942 |
_2loc _cBKINF |
||
| 264 |
_aBarcelona _bDebolsillo _c2008 |
||
| 336 |
_atexto _btxt _2rdacontent |
||
| 337 |
_asin mediación _bn _2rdamedia |
||
| 338 |
_avolumen _bnc _2rdacarrier |
||
| 040 |
_aCO-BoRNBP _bspa _erda _cCO-BoRNBP |
||
| 084 | _aT REN3 | ||
| 999 |
_c4050 _d4050 |
||